| 000 | 00835nam a22002292 4500 | ||
|---|---|---|---|
| 001 | 0000018532 | ||
| 005 | 20151021151125.0 | ||
| 008 | 100208s xx 000 0 eng d | ||
| 020 | _a0199556052 : | ||
| 040 |
_aKABU _cKABU |
||
| 245 | 1 | 4 |
_aThe Life of Christina of Markyate / _ctranslated by C. H. Talbot; revised with an introduction and notes by Samuel Fanous and Henrietta Leyser. |
| 250 | _a1st ed. | ||
| 260 |
_aOxford : _bO. U. P., _c2008. |
||
| 300 | _axxxii, 100 p. | ||
| 600 | 1 | 0 |
_aChristina, of Markyate, Saint, b. ca. 1096. _@0000177835 |
| 650 | 0 |
_aChristian women saints _xBiography _zEngland. _@0000177836 |
|
| 700 | 1 |
_aFanous, Samuel. _@0000177837 |
|
| 700 | 1 |
_aLeyser, Henrietta. _@0000177838 |
|
| 852 | 1 | _9p2077.70 KSH | |
| 908 | _a100208 | ||
| 950 | _@1 | ||
| 999 |
_c922 _d922 |
||